00406nam a2200145Ia 4500003000400000005001700004008004100021040000900062082001800071100003400089245007400123260004300197300000800240650001200248OSt20210107120245.0190216s9999||||xx |||||||||||||| ||und|| coclc a954.83bNAM/S aNamboodiri, Akkitham Achutan 0aShautha Sasthra Parambaryam Keralathil /cAkkitham Achutan Namboodiri bLipi Publications, c2003.aKozhikode: a80p aPadanam